000 00959cam a2200193 4500
001 WB3835-10
008 020923n2002 000 0 eng u
035 _a(Sirsi) u119780
245 _aLow cost home ownership proves popular
260 _c2002
490 _aODPM News Release
_v(0078) 19 September 2002, (2)
520 _aEvaluation report carried out for the Office of the Deputy Prime Minister has shown that more than 80% of shared ownership and do-it yourself shared ownership buyers stated they were satisfied with their form of tenure along with 90% of Homebuy purchasers who were satisfied or very satisfied. The research was launched at the National Housing Federation annual conference in Birmingham. For ODPM Press Release: http://www.odpm.gov.uk/news/0209/0078.htm
590 _aWB
650 _aNATIONAL HOUSING FEDERATION
650 _aLOW COST HOMES
650 _aSHARED OWNERSHIP
690 _aAffordable housing
_96215
942 _n0
999 _c71194
_d71194